| 000 | 00691nam a2200229 a 4500 | ||
|---|---|---|---|
| 001 | 18940 | ||
| 003 | CO-ViMGA | ||
| 008 | 141112s2004 ck r 000 u spa d | ||
| 020 | _a8449305683 | ||
| 040 |
_aCO-ViMGA _bspa _cCO-ViMGA |
||
| 082 | 0 | 4 | _a790.1922 K715 |
| 100 | 1 |
_aKranowitz, Carol Stock _927066 |
|
| 245 | 1 | 0 | _a101 actividades para entretener a tu hijo en lugares cerrados |
| 260 |
_aBarcelona : _bGedisa Editorial; 1998 |
||
| 300 | _a193 p. il. | ||
| 490 | _aGuía para padres; 37 | ||
| 590 | _aForma de adquisición : Premio Mincultura | ||
| 650 | 1 | 4 |
_aJUEGOS DIDACTICOS _915497 |
| 650 | 1 | 4 |
_aJUEGOS EDUCATIVOS _918447 |
| 650 | 1 | 4 |
_aJUEGOS INFANTILES _910241 |
| 942 |
_2ddc _cBK |
||
| 999 |
_c28133 _d28133 |
||